<?xml version="1.0" encoding="UTF-8"?>
<collection xmlns="http://www.loc.gov/MARC21/slim">
  <record>
    <leader>00000nam  2200000   4500</leader>
    <controlfield tag="001">INLIS000000000810218</controlfield>
    <controlfield tag="005">20251116010838</controlfield>
    <datafield tag="035" ind1="#" ind2="#">
      <subfield code="a">0010-1125000072</subfield>
    </datafield>
    <datafield tag="245" ind1="#" ind2="#">
      <subfield code="a">Koreksi Awal Waktu Subuh /</subfield>
      <subfield code="c">Syaikh Mamduh Farhan Al Buhairi</subfield>
    </datafield>
    <datafield tag="300" ind1="#" ind2="#">
      <subfield code="a">293 ;</subfield>
      <subfield code="c">24 cm</subfield>
    </datafield>
    <datafield tag="700" ind1=" " ind2="#">
      <subfield code="a">Agus Hasan Bashori,Lc.M.Ag</subfield>
    </datafield>
    <datafield tag="260" ind1="#" ind2="#">
      <subfield code="a">Malang : :</subfield>
      <subfield code="b">Pustaka Qiblati,</subfield>
      <subfield code="c">2010</subfield>
    </datafield>
    <datafield tag="082" ind1="#" ind2="#">
      <subfield code="a">297.3621</subfield>
    </datafield>
    <datafield tag="084" ind1="#" ind2="#">
      <subfield code="a">297.3621 BUH k</subfield>
    </datafield>
    <datafield tag="020" ind1="#" ind2="#">
      <subfield code="a">9736029502114</subfield>
    </datafield>
  </record>
</collection>
